000 00821nam a2200253Ia 4500
003 OSt
005 20221005112139.0
006 a|||||r|||| 00| 0
007 ta
008 221004b |||||||| |||| 00| 0 pan d
020 _a8172054254
_c250
024 _a116958
037 _b634, 19/03/2012, H.K. Prakashan
_cTextual
040 _aCRL
_cCRL
_bpan
041 _2pan
_apan
082 _aQ8441:g, 153P1
100 _aਹਰੀ ਸਿੰਘ
245 0 _aਕਿਉ ਲੀਜੈ ਗਢੁ ਬੰਕਾ ਭਾਈ
260 _aਅੰਮ੍ਰਿਤਸਰ
_bਸਿੰਘ ਬ੍ਰਦਰਗ਼ ਭਾਰਤ
_c2001
300 _a325ਪੰ
_ccm.
650 _aਧਰਮ
942 _hQ8441:g, 153P1
_cTEXL
_2cc
999 _c1023961
_d1023961